00794nam a22002297a 4500003001400000005001700014008004100031020001800072040002800090041000800118082002300126100003100149245004100180260004100221300002300262650001500285942001200300952010900312952010900421999001500530900001900545KOHA_MİRAKIL20250414132346.0250414b tu ||||| |||| 00| 0 tur d a9789753854634 aTR-AnABBbturcTR-AnABB atur a150.1952bFRE 2022 aFreud, Sigmund,d1856-193910aBir histeri vakası analizi /cFreud aİstanbul :bOda Yayınları,c2022 a142 sayfa ;c20 cm04aPsikanaliz 2ddccBK 00102ddc70aBATbBATd2025-04-14l0o150.1952 FRE 2022pABB124016r2025-04-14 13:23:59w2025-04-14yBK 00102ddc70aBATbBATd2025-10-22l0o150.1952 FRE 2022pABB124892r2025-10-22 15:30:03w2025-10-22yBK c8671d8671 bGizem YORULMAZ